Fundamentals Of Cartography (Record no. 227378)
[ view plain ]
| 000 -LEADER | |
|---|---|
| fixed length control field | 00469nam a2200181Ia 4500 |
| 008 - FIXED-LENGTH DATA ELEMENTS--GENERAL INFORMATION | |
| fixed length control field | 230714s9999 xx 000 0 und d |
| 020 ## - INTERNATIONAL STANDARD BOOK NUMBER | |
| International Standard Book Number | 9790000000000 |
| 041 ## - LANGUAGE CODE | |
| Language code of text/sound track or separate title | eng |
| 082 ## - DEWEY DECIMAL CLASSIFICATION NUMBER | |
| Classification number | 526 |
| Item number | MIS |
| 100 ## - MAIN ENTRY--PERSONAL NAME | |
| Personal name | Mishra R.P. |
| 9 (RLIN) | 202304 |
| 245 ## - TITLE STATEMENT | |
| Title | Fundamentals Of Cartography |
| 250 ## - EDITION STATEMENT | |
| Edition statement | 2nd ed. |
| 260 ## - PUBLICATION, DISTRIBUTION, ETC. (IMPRINT) | |
| Date of publication, distribution, etc. | 2014 |
| Name of publisher, distributor, etc. | Concept Publication |
| 300 ## - PHYSICAL DESCRIPTION | |
| Extent | 538 |
| 365 ## - TRADE PRICE | |
| Currency code | Rs. |
| Price amount | 1600.00 |
| 700 ## - ADDED ENTRY--PERSONAL NAME | |
| Personal name | Mishra R.P. |
| 9 (RLIN) | 202304 |
| 906 ## - LOCAL DATA ELEMENT F, LDF (RLIN) | |
| d | O:0722313-Jan-2021B:IN456 |
| c | BSH |
| b | 960 |
No items available.